Spectrum. Teacher`s edition 4A: A communicative Course in English
Gardado en:
| Autor Principal: | |
|---|---|
| Formato: | Libro |
| Idioma: | Undetermined |
| Publicado: |
Estados Unidos
Prentice Hall Regents
1994
|
| Materias: | |
| Etiquetas: |
Engadir etiqueta
Sen Etiquetas, Sexa o primeiro en etiquetar este rexistro!
|
MARC
| LEADER | 00000nam a2200000Ia 4500 | ||
|---|---|---|---|
| 008 | 170316s9999 xx 000 0 und d | ||
| 090 | |a 415-I F-10s | ||
| 100 | |a Frankfort, Nancy y Dye, Joan | ||
| 245 | |a Spectrum. Teacher`s edition 4A: A communicative Course in English | ||
| 260 | |a Estados Unidos | ||
| 260 | |b Prentice Hall Regents | ||
| 260 | |c 1994 | ||
| 300 | |a 100 páginas | ||
| 650 | |a GRAMÁTICA INGLESA | ||
| 999 | |c 19360 |d 19360 | ||
| 040 | |a cru BVZT | ||
| 942 | |c 15 D |h 415-I F-10s |2 z | ||
